Motivaçoes sociais e rendimento acadêmico universitário (Record no. 601410)

000 -CABECERA
Campo de control de longitud fija 00649nab a2200169Ia 4500
003 - IDENTIFICADOR DEL NÚMERO DE CONTROL
Campo de control ES-SlBCS
005 - FECHA Y HORA DE LA ÚLTIMA TRANSACCIÓN
Campo de control 20210601133737.0
008 - CÓDIGOS DE INFORMACIÓN DE LONGITUD FIJA
Campo de control de longitud fija 140529s2003 xxu||||| |||| 00| 0 por d
041 ## - CÓDIGO DE LENGUA
Código de lengua del texto/banda sonora o título independiente por
100 1# - PUNTO DE ACCESO PRINCIPAL-NOMBRE DE PERSONA
Nombre de persona Dela Coleta, José Augusto
9 (RLIN) 209074
245 00 - MENCIÓN DE TÍTULO
Título Motivaçoes sociais e rendimento acadêmico universitário
Mención de responsabilidad, etc. José Augusto Dela Coleta, Dinorah Maria Almeida E Borges, Marília Ferreira Dela Coleta
650 04 - PUNTO DE ACCESO ADICIONAL DE MATERIA-TÉRMINO DE MATERIA
Término de materia o nombre geográfico como elemento inicial Motivaciones
9 (RLIN) 133070
700 1# - PUNTO DE ACCESO ADICIONAL-NOMBRE DE PERSONA
Nombre de persona Almeida e Borges, Dinorah Maria
9 (RLIN) 209075
700 1# - PUNTO DE ACCESO ADICIONAL-NOMBRE DE PERSONA
Nombre de persona Dela Coleta, Marília Ferreira
9 (RLIN) 209076
773 0# - ENLACE AL DOCUMENTO FUENTE
Título Educaçao e Filosofia
Parte(s) relacionada(s) vol. 17, nº. 33, 2003, págs. 47-62
Número de control del registro relacionado Rev1534
942 ## - ENTRADA DE ELEMENTOS AGREGADOS (KOHA)
Koha [por defecto] tipo de item Artículos de revista
Holdings
Suprimido Perdido Estropeado No para préstamo Localización permanente Localización actual Localización en estantería Fecha adquisición Préstamos totales Fecha última consulta Fecha del precio de reemplazo Tipo de item de Koha
        San Esteban San Esteban Depósito de revistas 11/07/2014   11/07/2014 11/07/2014 Artículos de revista

Bibliotecas Dominicos Provincia Hispania, 2016

Con tecnología Koha